000 01073nam a22002535i 4500
001 53839
003 ES-MaACL
005 20250829055120.0
007 t|
008 940202s1872 sp b |||| |bspa d
100 1 _aFernández de Navarrete, Eustaquio.
_949696
245 1 0 _aHistoria de Juan Sebastián del Cano /
_cescrita por Eustaquio Fernández de Navarrete ; publícala Nicolás de Saraluce y Zubizarreta.
260 _aVitoria :
_b[s.n.],
_c1872 (
_fImp. de los Hijos de Manteli)
300 _aLVIII, 362, [4], IX p., [1] h. de mapa pleg. ;
_c23 cm.
505 8 _aContiene: Biografía de Eugenio Ochoa / Nicolás de Saraluce
530 _aDisponible en formato digital.
600 1 4 _aElcano, Juan Sebastián de,
_dca. 1476-1526
_9126923
600 1 4 _aOchoa, Eugenio de.
_986476
650 4 _aViajes alrededor del mundo-
_yS.XVI.
_917781
700 1 _aSaraluce y Zubizarreta, Nicolás.
_9103753
852 4 _aES-MaACL
_jG-12336
856 4 _uhttp://bdh-rd.bne.es/viewer.vm?id=0000250493&page=1
_zBiblioteca Digital Hispánica
999 _c53839
_d53839